00726cam a2200229 a 4500003000500000005001700005008004100022010001000063011001000073020001500083035001000098040000900108082002100117111007500138245005900213260007900272300001100351650002800362650005600390700002300446700002700469CHAP20220329142305.0000515d1998 us r 10100 eng d a81135 a82107 a0929355997 a92593 cCHAP04a630.63bI57 199800aInternational Conference on Computersn(7 :d1998 :cOrlando, Florida)10aProceedingsc/ed. by Fedro S. Zazueta and Jiannong Xin aSt. Joseph, Michigan :bAmerican Society of Agricultural Engineers,c1998. a999 p.14aAgriculturaxCongresos.14aProcesamiento automático de datos en agricultura.0 aXin, Jiannongeed.0 aZazueta, Fedro S.eed.